| 000 | 00503nam a22001577a 4500 | ||
|---|---|---|---|
| 005 | 20251108163352.0 | ||
| 008 | 250721s1990 xx 000 0 ara d | ||
| 082 | 1 | 4 | _a214.4/حنب |
| 100 | 1 | _aالحنبلي، أبو بكر بن محمد | |
| 245 | 1 | 0 | _aالتصديق بكرامات الأولياء من عقيدة إتباع خاتم الأنبياء / |
| 264 |
_bدار عمار، _c1990. |
||
| 300 | _a151ص | ||
| 650 | 1 | 7 | _aأصول الدين الإسلامي |
| 942 |
_2ddc _cBK |
||
| 999 |
_c934 _d934 |
||